000 03637nam a2200301 4500
003 EC-UNACH
005 20251008130205.0
006 s||||gr|||| 00| 00
008 150116t9999 mx r gr 000 0 spa d
020 _a978-950-9030-92-3
040 _aEC-UNACH
_cEC-UNACH
041 _aspa
082 0 4 _223
_a362.11
_bL012914
110 _aCorpus editorial
245 _aSeguridad laboral para servicios de salud
250 _aPrimera edición
264 _aArgentina
_bCorpus editorial
_c2011
300 _a305 páginas
505 _a Seguridad laboral en los servicios de salud Página legal Índice general Agradecimiento Introducción Unidad 1. Marco legal de la Seguridad laboral 1. Definiciones operativas en Seguridad laboral 2. Servicios que Impulsan acciones de promoción de la salud y prevención de enfermedades en el trabajo 3. Observaciones por exigencia de libreta Sanitaria de la Ley 2153 de la CABA y otras jurisdicciones 4. Introducción al marco legal 5. Marco legal actual 6. Legislación útil en Gestión de la Seguridad: lo que hay que saber 7. Ley 24557 de Riesgos de Trabajo. Generalidades 8. Actores de la Ley 24557 de Riesgos de Trabajo 9. Accidentología en Servicios de Salud 10. Comisión médica 11. Accidentología: Balance desde su implementación 12. Causas y consecuencias de la Accidentología 13. Accidentología 2009 14. El azar y la Accidentología 15. Conclusiones 16. Chequeo de medidas legales Bibliografía Unidad 2. Bioseguridad 1. Introducción a la Bioseguridad 2. Riesgos biológicos propios de los servicios de atención de la salud 3. Prevención de accidentes y enfermedades profesionales 4. Hacia un Programa Integral de Bioseguridad 5. Organizando las acciones para implementar la documentación del Programa 6. Barreras protectoras 7. Proceso de descontaminación por fuentes cloradas 8. Otros desinfectantes 9. La Bioseguridad en la obtención, transporte y procesamiento analítico de las muestras 10. Accidentes cortopunzantes con agentes patógenos más frecuentes 11. Directrices OMS / OIT 12. Ficha de Notificación obligatoria para accidentes con agentes patógenos 13. Hepatitis "B" (Ley 24151) 14. HIV/SIDA (Ley 23798) 15. Tuberculosis (TBC) 16. Trabajador de Salud en casa 17. Chequeo de medidas preventivas para riesgo biológico Bibliografía Unidad 3. Generación de residuos en Salud Introducción al Medio Ambiente 2. Medio ambiente y los aspectos legales 3. Gestión de residuos en servicios de Salud 4. Procesos para implementar la Gestión de Residuos en Servicios de Salud 5. Capacitación y Educación ambiental 6. Impacto ambiental 7. Modelo de Sistema de Gestión ambiental en un Servicio de salud 8. Modelos de documentación para la Gestión Ambiental 9. Sistema de Gestión Ambiental Internacional ISO 14.001 10. Chequeo de medidas preventivas para la Gestión de Residuos en Servicios de Salud Bibliografía Unidad 4. Seguridad Eléctrica 1. Introducción a la Seguridad Eléctrica 2. Disyuntor diferencial 3. Puesta a tierra 4. Fichas y tomacorrientes 5. Recomendaciones 6. Chequeo de medidas preventivas para riesgo eléctrico Bibliografía Unidad 5. Seguridad contra Incendios 1. Protección contra Incendios 2. Triángulo y Tetraedro de fuego 3. Tipos de combustión 4. Materiales inflamables 5. Oxígeno
650 _aSEGURIDAD QUÍMICA
650 _aPRIMEROS AUXILIOS
650 _aSEGURIDAD ELÉCTRICA
700 _aMorgensterin, Rolando
942 _2ddc
_c1
999 _c13995